[Event "12sen.WM-H Naumburg"]
[Site "Naumburg/Saale(20.10.-03.11.)"]
[Date "2002.10.24"]
[Round "4"]
[White "Petkevitch, Josef"]
[Black "Asmundsson, Ingvar"]
[Result "1-0"]
[WhiteElo "2439"]
[BlackElo "2338"]
[PlyCount "109"]
[EventDate "2002.11.??"]

1. Nf3 d5 2. d4 c6 3. e3 Bg4 4. c4 Bxf3 5. Qxf3 e6 6. Nc3 f5 7. g4 Nh6 8. gxf5
Nxf5 9. Bd3 g6 10. Bxf5 gxf5 11. Qh5+ Kd7 12. Rg1 Na6 13. a3 Nc7 14. c5 Qf6 15.
Bd2 Be7 16. O-O-O Rag8 17. Ne2 Rg6 18. Qf3 Rhg8 19. Rg3 Rg4 20. Nf4 Qf7 21.
Rdg1 h5 22. h3 Rxg3 23. Rxg3 h4 24. Rg2 Rg7 25. Rxg7 Qxg7 26. Qg2 Qxg2 27. Nxg2
e5 28. dxe5 Ne6 29. b4 Ng5 30. Nf4 Ne6 31. Ne2 Ng5 32. Ng1 b6 33. cxb6 axb6 34.
f4 Ne4 35. Be1 c5 36. Nf3 Ng3 37. Kc2 Kc6 38. bxc5 bxc5 39. a4 Bd8 40. a5 d4
41. Bxg3 hxg3 42. h4 Kd5 43. a6 Bb6 44. h5 Ke4 45. Nh4 d3+ 46. Kc3 Ba5+ 47. Kc4
d2 48. a7 d1=Q 49. a8=Q+ Kxe3 50. Qxa5 Qd4+ 51. Kb5 Kxf4 52. e6 Qd5 53. Qc7+
Kg5 54. Qxg3+ Kf6 55. Qg6+ 1-0

[Event "12sen.WM-H Naumburg"]
[Site "Naumburg/Saale(20.10.-03.11.)"]
[Date "2002.10.24"]
[Round "4"]
[White "Piankov, Evgenij"]
[Black "Bogorad, Michail"]
[Result "1/2-1/2"]
[WhiteElo "2353"]
[BlackElo "2197"]
[PlyCount "120"]
[EventDate "2002.11.??"]

1. d4 c5 2. e3 e6 3. Bd3 Nc6 4. c3 d5 5. Nd2 Nf6 6. f4 c4 7. Bc2 b5 8. e4 dxe4
9. Nxe4 Bb7 10. Nf3 Be7 11. O-O Qb6 12. Qe2 O-O 13. Ne5 Rad8 14. Nxf6+ Bxf6 15.
Kh1 g6 16. Be4 Ne7 17. Bxb7 Qxb7 18. b3 cxb3 19. axb3 b4 20. cxb4 Rxd4 21. Be3
Qe4 22. Ra2 Bxe5 23. fxe5 Rxb4 24. Qf2 Qf5 25. Rxa7 Qxf2 26. Bxf2 Nc6 27. Rc7
Nxe5 28. Bc5 Rxb3 29. Bd6 Rb5 30. Bxf8 Kxf8 31. h3 h5 32. Kh2 Kg7 33. Kg3 g5
34. Rfc1 Rb3+ 35. R1c3 Rxc3+ 36. Rxc3 f5 37. Rc7+ Kg6 38. Re7 Kf6 39. Re8 h4+
40. Kf2 Ng6 41. Ra8 Nf4 42. Ra2 g4 43. hxg4 fxg4 44. g3 hxg3+ 45. Kxg3 Kf5 46.
Rf2 e5 47. Kh4 Ke4 48. Kxg4 Nd5 49. Kg3 Ke3 50. Rf3+ Kd4 51. Ra3 e4 52. Kf2 Nf4
53. Ra8 Nd3+ 54. Ke2 Nf4+ 55. Kd1 e3 56. Ra4+ Ke5 57. Kc2 Kf5 58. Ra8 Ke4 59.
Rf8 Kf3 60. Kc3 Ke4 1/2-1/2

[Event "12sen.WM-H Naumburg"]
[Site "Naumburg/Saale(20.10.-03.11.)"]
[Date "2002.10.24"]
[Round "4"]
[White "Rahn, Oskar"]
[Black "Smits, Oswald"]
[Result "1-0"]
[WhiteElo "2060"]
[BlackElo "1619"]
[PlyCount "65"]
[EventDate "2002.11.??"]

1. d4 e6 2. c4 c5 3. e3 Nf6 4. Nc3 cxd4 5. exd4 d5 6. Nf3 Nc6 7. Be2 dxc4 8.
Bxc4 Be7 9. O-O O-O 10. Bf4 Nh5 11. Be3 a6 12. a4 Qc7 13. Ba2 Nb4 14. Bb3 Nf6
15. Rc1 Qb8 16. Qe2 Rd8 17. Rfd1 Nbd5 18. Bg5 Nxc3 19. Rxc3 Re8 20. d5 h6 21.
dxe6 Bxe6 22. Bxe6 Kf8 23. Ba2 hxg5 24. Qc4 Kg8 25. Qxf7+ Kh7 26. Nxg5+ Kh6 27.
Rh3+ Kxg5 28. Qxg7+ Kf5 29. Rf3+ Qf4 30. Rxf4+ Kxf4 31. g3+ Kf3 32. Qg5 Bd6 33.
Qf5+ 1-0

[Event "12sen.WM-H Naumburg"]
[Site "Naumburg/Saale(20.10.-03.11.)"]
[Date "2002.10.24"]
[Round "4"]
[White "Reichenbach, Werner"]
[Black "Kripp, Wolfgang"]
[Result "1-0"]
[WhiteElo "2297"]
[BlackElo "2172"]
[PlyCount "45"]
[EventDate "2002.11.??"]

1. e4 Nf6 2. e5 Nd5 3. Nc3 Nxc3 4. bxc3 d6 5. f4 g6 6. Nf3 Bg7 7. d4 O-O 8. Bc4
d5 9. Bd3 c5 10. O-O Qa5 11. Bd2 c4 12. Be2 Bf5 13. Nh4 e6 14. g4 Be4 15. f5 f6
16. fxe6 Nc6 17. exf6 Bxf6 18. Ng2 Bg7 19. Bf3 Bxf3 20. Rxf3 Rae8 21. Rxf8+
Bxf8 22. Qf3 Rxe6 23. Rf1 1-0

[Event "12sen.WM-H Naumburg"]
[Site "Naumburg/Saale(20.10.-03.11.)"]
[Date "2002.10.24"]
[Round "4"]
[White "Reichert, Rudolf"]
[Black "Ristic, Sreten"]
[Result "0-1"]
[WhiteElo "1581"]
[BlackElo "1796"]
[PlyCount "70"]
[EventDate "2002.11.??"]

1. e4 d5 2. exd5 Qxd5 3. c4 Qa5 4. Nc3 Nf6 5. Qa4+ Qxa4 6. Nxa4 Nc6 7. Nf3 e5
8. d3 Bg4 9. Bd2 O-O-O 10. Ng5 Bh5 11. f3 Nd4 12. O-O-O h6 13. Ne4 Nd7 14. Be3
c5 15. Nac3 f5 16. Ng3 Bf7 17. Bxd4 exd4 18. Nb1 g6 19. Ne2 g5 20. f4 Nf6 21.
h3 Bd6 22. fxg5 hxg5 23. Nd2 g4 24. g3 Rhe8 25. h4 Nh5 26. Rg1 Re3 27. b4 b6
28. a4 Rxd3 29. a5 cxb4 30. axb6 a5 31. Kc2 Re3 32. Nxd4 Bc5 33. Nb5 Nxg3 34.
Bg2 Re2 35. b7+ Kb8 0-1

[Event "12sen.WM-H Naumburg"]
[Site "Naumburg/Saale(20.10.-03.11.)"]
[Date "2002.10.24"]
[Round "4"]
[White "Reimann, Hubert[42Merse"]
[Black "Maassen, Hermann"]
[Result "1-0"]
[WhiteElo "1941"]
[BlackElo "1635"]
[PlyCount "47"]
[EventDate "2002.11.??"]

1. d4 Nf6 2. c4 g6 3. Nc3 Bg7 4. e4 d6 5. f4 Bg4 6. Nf3 Bxf3 7. Qxf3 Nc6 8. Be3
Nd7 9. e5 Nb4 10. Rc1 dxe5 11. dxe5 Bxe5 12. fxe5 Nxe5 13. Qe4 Nbd3+ 14. Bxd3
Nxd3+ 15. Ke2 Nxc1+ 16. Rxc1 O-O 17. Rd1 Qc8 18. Nd5 Re8 19. Nxe7+ Rxe7 20.
Qxe7 Qg4+ 21. Ke1 Qxc4 22. Rd8+ Rxd8 23. Qxd8+ Kg7 24. Bd4+ 1-0

[Event "12sen.WM-H Naumburg"]
[Site "Naumburg/Saale(20.10.-03.11.)"]
[Date "2002.10.24"]
[Round "4"]
[White "Rettler, Heinz"]
[Black "Piastowski, Kurt"]
[Result "1/2-1/2"]
[WhiteElo "2167"]
[BlackElo "1887"]
[PlyCount "77"]
[EventDate "2002.11.??"]

1. e4 d6 2. d4 c6 3. Nc3 Qc7 4. Nf3 Bg4 5. h3 Bh5 6. Be2 e5 7. Be3 Nf6 8. O-O
Be7 9. Nh2 Bxe2 10. Qxe2 Nbd7 11. Kh1 a6 12. Rad1 Nf8 13. Ng4 Ng6 14. g3 h5 15.
Nxf6+ Bxf6 16. dxe5 dxe5 17. Qf3 h4 18. g4 Nf4 19. Rd2 Rd8 20. Rfd1 O-O 21.
Rxd8 Rxd8 22. Rxd8+ Bxd8 23. Kh2 g5 24. Qd1 Be7 25. Qd2 Qd6 26. Qxd6 Bxd6 27.
Bxf4 exf4 28. f3 Kf8 29. Kg2 Be5 30. Nd1 Ke7 31. Kf1 Kd6 32. Ke2 b5 33. Kd3 Kc5
34. c3 a5 35. b3 b4 36. c4 Bf6 37. Nf2 Bd4 38. Nd1 Bf6 39. Nf2 1/2-1/2

[Event "12sen.WM-H Naumburg"]
[Site "Naumburg/Saale(20.10.-03.11.)"]
[Date "2002.10.24"]
[Round "4"]
[White "Robitsch, Hermann"]
[Black "Zhelesny, Stanislav"]
[Result "1/2-1/2"]
[WhiteElo "2077"]
[BlackElo "2229"]
[PlyCount "37"]
[EventDate "2002.11.??"]

1. e4 e5 2. Nf3 Nc6 3. d4 exd4 4. Bc4 Nge7 5. c3 Na5 6. Bd3 c5 7. cxd4 c4 8.
Bc2 d5 9. e5 Bg4 10. Nc3 a6 11. Ne2 Nec6 12. h3 Bb4+ 13. Kf1 Bxf3 14. gxf3 Qd7
15. a3 Bf8 16. Ng3 g6 17. Bg5 h6 18. Be3 h5 19. Qd2 1/2-1/2

[Event "12sen.WM-H Naumburg"]
[Site "Naumburg/Saale(20.10.-03.11.)"]
[Date "2002.10.24"]
[Round "4"]
[White "Roellig, Wolfgang"]
[Black "Kuhn, Arno[29Ludw]"]
[Result "1/2-1/2"]
[WhiteElo "1442"]
[BlackElo "1532"]
[PlyCount "45"]
[EventDate "2002.11.??"]

1. d4 d5 2. Bf4 Nf6 3. h3 Bf5 4. Nf3 Nc6 5. e3 e6 6. c3 Bd6 7. Bxd6 Qxd6 8. Bd3
Bxd3 9. Qxd3 O-O 10. O-O Rfe8 11. Re1 e5 12. dxe5 Nxe5 13. Nxe5 Qxe5 14. Nd2 c6
15. Rad1 Re7 16. Nf3 Qe4 17. Qxe4 Nxe4 18. Rd4 Rae8 19. Red1 g6 20. Nd2 f5 21.
Nxe4 fxe4 22. b3 Rf8 23. c4 1/2-1/2

[Event "12sen.WM-H Naumburg"]
[Site "Naumburg/Saale(20.10.-03.11.)"]
[Date "2002.10.24"]
[Round "4"]
[White "Rosen, Willy"]
[Black "Gerhardt, Peter_Michael"]
[Result "1-0"]
[WhiteElo "2336"]
[BlackElo "2124"]
[PlyCount "63"]
[EventDate "2002.11.??"]

1. e4 c5 2. Nc3 e6 3. Nf3 Be7 4. d4 cxd4 5. Nxd4 Nc6 6. Be3 a6 7. f4 d6 8. Qf3
e5 9. Nxc6 bxc6 10. Bc4 Nf6 11. O-O O-O 12. f5 a5 13. Rfd1 a4 14. a3 Qc7 15.
Kh1 Bb7 16. Rd2 Rfd8 17. Rad1 Ba6 18. Bxa6 Rxa6 19. Qe2 Qb7 20. Bg5 Kh8 21.
Bxf6 gxf6 22. Qh5 Bf8 23. Rd3 Ra7 24. Rh3 h6 25. Rg3 Bg7 26. Rxd6 Qe7 27. Qg4
Rg8 28. Rxc6 Qd8 29. Nd5 Rb7 30. b4 axb3 31. cxb3 Qa5 32. h3 1-0

[Event "12sen.WM-H Naumburg"]
[Site "Naumburg/Saale(20.10.-03.11.)"]
[Date "2002.10.24"]
[Round "4"]
[White "Rost, Wolfgang_Dr"]
[Black "Skjoenberg, Sverre"]
[Result "1-0"]
[WhiteElo "1839"]
[BlackElo "1544"]
[PlyCount "55"]
[EventDate "2002.11.??"]

1. e4 c6 2. d4 d5 3. Nc3 dxe4 4. f3 exf3 5. Nxf3 Bg4 6. Bc4 Bxf3 7. Qxf3 e6 8.
Be3 Nf6 9. O-O-O Nbd7 10. Rhe1 Be7 11. g4 Nb6 12. Bb3 Nfd5 13. Kb1 Nxe3 14.
Qxe3 O-O 15. Ne4 Qc7 16. g5 Nd5 17. Qg3 a5 18. c4 Nf4 19. Qg4 Ng6 20. Rf1 a4
21. Bc2 b5 22. h4 Bb4 23. h5 Ne7 24. Nf6+ Kh8 25. Nxh7 Kg8 26. Nxf8 Kxf8 27. h6
g6 28. Qxe6 1-0

[Event "12sen.WM-H Naumburg"]
[Site "Naumburg/Saale(20.10.-03.11.)"]
[Date "2002.10.24"]
[Round "4"]
[White "Rost_van_Tonningen, Otto"]
[Black "Zotin, Vladimir"]
[Result "1/2-1/2"]
[WhiteElo "2230"]
[BlackElo "2058"]
[PlyCount "44"]
[EventDate "2002.11.??"]

1. Nf3 Nf6 2. d4 c5 3. e3 g6 4. Be2 Bg7 5. O-O cxd4 6. exd4 d5 7. Re1 O-O 8. c3
Nc6 9. Bd3 Qc7 10. h3 Re8 11. Bg5 e5 12. dxe5 Nxe5 13. Nxe5 Rxe5 14. Rxe5 Qxe5
15. Be3 Bd7 16. Nd2 Qe8 17. Bd4 Bc6 18. Nf3 Nd7 19. Qd2 Bxd4 20. Nxd4 Nc5 21.
Re1 Qd7 22. Bc2 Re8 1/2-1/2

[Event "12sen.WM-H Naumburg"]
[Site "Naumburg/Saale(20.10.-03.11.)"]
[Date "2002.10.24"]
[Round "4"]
[White "Schoenegg, Werner"]
[Black "Otto, Klaus"]
[Result "1-0"]
[WhiteElo "2015"]
[BlackElo "1652"]
[PlyCount "67"]
[EventDate "2002.11.??"]

1. f4 f5 2. b3 Nf6 3. Nf3 b6 4. e3 Bb7 5. Be2 Nc6 6. Bb2 d6 7. d4 d5 8. Ne5
Nxe5 9. fxe5 Nd7 10. O-O e6 11. Nd2 Qg5 12. Rf3 O-O-O 13. Qf1 Qe7 14. Ba6 g5
15. Bxb7+ Kxb7 16. a4 a5 17. Ba3 Qg7 18. Bxf8 Rdxf8 19. c4 c6 20. cxd5 cxd5 21.
Qb5 Rc8 22. b4 Ra8 23. Rxf5 Rhc8 24. Rf2 Qe7 25. bxa5 Rxa5 26. Qd3 Rf8 27. Rxf8
Nxf8 28. Nb3 Ra8 29. a5 Qb4 30. a6+ Kb8 31. Rf1 Ra7 32. Rb1 Kc7 33. Qf1 Kd8 34.
Nc5 1-0

[Event "12sen.WM-H Naumburg"]
[Site "Naumburg/Saale(20.10.-03.11.)"]
[Date "2002.10.24"]
[Round "4"]
[White "Schulz, Wolfgang[32Hamb]"]
[Black "Lieb, Harald"]
[Result "0-1"]
[WhiteElo "2117"]
[BlackElo "2314"]
[PlyCount "120"]
[EventDate "2002.11.??"]

1. e4 e6 2. d4 d5 3. Nd2 dxe4 4. Nxe4 Nf6 5. Nxf6+ gxf6 6. Nf3 b6 7. Be3 Bb7 8.
Qd2 Nc6 9. Bb5 Rg8 10. O-O-O a6 11. Ba4 b5 12. Bb3 Nb4 13. Ne1 a5 14. c3 Nd5
15. Qd3 Qd7 16. Qxh7 Rg6 17. Bc2 f5 18. Nf3 Rxg2 19. Qh3 Nxe3 20. fxe3 Rxc2+
21. Kxc2 Be4+ 22. Kd2 Qd5 23. Ke2 Qxa2 24. Rd2 O-O-O 25. Rg1 b4 26. Ng5 bxc3
27. bxc3 Qc4+ 28. Kf2 Qxc3 29. Nxe4 fxe4 30. Rgd1 Rd5 31. Kg2 Be7 32. Kh1 Bg5
33. Re2 Qb3 34. Rc1 Bd8 35. Rec2 f5 36. Qg3 Rd7 37. Qe1 Rd5 38. Rc3 Qb4 39. Rb1
Qd6 40. Qe2 f4 41. exf4 Rxd4 42. Qg4 Rd3 43. Rbc1 Rxc3 44. Rxc3 Qd5 45. Re3 a4
46. Qe2 Kd7 47. Rxe4 a3 48. Qc4 Bf6 49. Qxd5+ exd5 50. Ra4 Bb2 51. Kg2 c5 52.
Kf3 Kc6 53. f5 Kb5 54. Ra8 Kb4 55. Ke2 Kb3 56. Rb8+ Kc2 57. f6 Bxf6 58. Ra8 Bb2
59. Ra5 d4 60. Rxc5+ Bc3 0-1

[Event "12sen.WM-H Naumburg"]
[Site "Naumburg/Saale(20.10.-03.11.)"]
[Date "2002.10.24"]
[Round "4"]
[White "Schwichtenberg, Juergen"]
[Black "Rubinstein, Mark"]
[Result "1/2-1/2"]
[WhiteElo "1633"]
[BlackElo "2012"]
[PlyCount "49"]
[EventDate "2002.11.??"]

1. b4 f5 2. e3 Nf6 3. Bb2 e6 4. b5 b6 5. c4 Bb7 6. Nf3 Be7 7. Be2 O-O 8. O-O
Re8 9. d4 d6 10. Nbd2 Nbd7 11. Qb3 Bf8 12. a4 c5 13. a5 a6 14. axb6 Qxb6 15.
bxa6 Bxa6 16. Qc2 d5 17. Rfb1 dxc4 18. Bc3 Qc6 19. Bxc4 Bxc4 20. Nxc4 cxd4 21.
Bxd4 Rxa1 22. Rxa1 Rc8 23. Bxf6 gxf6 24. Nfd2 Ne5 25. Ra4 1/2-1/2

[Event "12sen.WM-H Naumburg"]
[Site "Naumburg/Saale(20.10.-03.11.)"]
[Date "2002.10.24"]
[Round "4"]
[White "Shestoperov, Alexej"]
[Black "Kanko, Ilkka"]
[Result "1/2-1/2"]
[WhiteElo "2464"]
[BlackElo "2265"]
[PlyCount "72"]
[EventDate "2002.11.??"]

1. d4 Nf6 2. Nf3 b6 3. c4 e6 4. e3 Bb7 5. Bd3 g6 6. Nc3 Bg7 7. O-O d6 8. e4
Nbd7 9. Bf4 O-O 10. Qd2 e5 11. Bg5 exd4 12. Nxd4 Nc5 13. Rfe1 h6 14. Bf4 Nxd3
15. Qxd3 Nd7 16. Qd2 Kh7 17. Rad1 Nc5 18. f3 Ne6 19. Be3 a6 20. Nd5 b5 21. Qc2
c5 22. Ne2 bxc4 23. Qxc4 Bc6 24. Ndc3 Bb5 25. Qd5 Bxe2 26. Rxe2 Nd4 27. Red2
Rb8 28. Ne2 Nxe2+ 29. Rxe2 Bxb2 30. Bxc5 dxc5 31. Qxd8 Rfxd8 32. Rxd8 Rxd8 33.
Rxb2 Rd3 34. Rc2 Ra3 35. Rxc5 Rxa2 36. Rc7 Kg7 1/2-1/2

[Event "12sen.WM-H Naumburg"]
[Site "Naumburg/Saale(20.10.-03.11.)"]
[Date "2002.10.24"]
[Round "4"]
[White "Theuermeister, Peter"]
[Black "Schuler, Georg"]
[Result "0-1"]
[WhiteElo "1728"]
[BlackElo "2148"]
[PlyCount "128"]
[EventDate "2002.11.??"]

1. d4 Nf6 2. Nf3 g6 3. c4 Bg7 4. Nc3 d5 5. Bg5 c6 6. e3 O-O 7. Be2 Nbd7 8. O-O
Nb6 9. c5 Nbd7 10. Rc1 Re8 11. b4 a6 12. a4 h6 13. Bf4 Nh5 14. Be5 f6 15. Bg3
Nxg3 16. hxg3 g5 17. Nd2 e5 18. Bh5 Re7 19. dxe5 fxe5 20. f4 exf4 21. exf4 Re3
22. Rf3 Qe7 23. Nf1 Rxf3 24. Bxf3 gxf4 25. gxf4 Nf6 26. Qe1 Qc7 27. g3 Bf5 28.
Qd2 Re8 29. Re1 Qd7 30. Rxe8+ Qxe8 31. Qe2 Qxe2 32. Nxe2 Bd3 33. Kf2 Kf7 34.
Ke3 Bc2 35. a5 Ke7 36. Nd4 Bg6 37. g4 Nd7 38. Ng3 Bf6 39. Ngf5+ Bxf5 40. Nxf5+
Kd8 41. Kd3 Nf8 42. Nxh6 Ng6 43. f5 Ne5+ 44. Ke2 Ke8 45. g5 Bxg5 46. Bh5+ Kf8
47. Ng4 Nf7 48. f6 Bh4 49. Bg6 Nd8 50. Kd1 Ne6 51. Kc2 d4 52. Bf5 Kf7 53. Kd3
Be1 54. Kc4 Bc3 55. Bxe6+ Kxe6 56. Ne5 Kxf6 57. Nf3 Kf5 58. Nxd4+ Bxd4 59. Kxd4
Kf4 60. Kd3 Kf3 61. Kd4 Ke2 62. Ke4 Kd2 63. Kd4 Kc2 64. Kc4 Kb2 0-1

[Event "12sen.WM-H Naumburg"]
[Site "Naumburg/Saale(20.10.-03.11.)"]
[Date "2002.10.24"]
[Round "4"]
[White "Thonig, Manfred"]
[Black "Mueller, Hartmut_Dieter"]
[Result "1-0"]
[WhiteElo "1569"]
[BlackElo "1505"]
[PlyCount "41"]
[EventDate "2002.11.??"]

1. f4 e6 2. Nf3 Nf6 3. b3 b6 4. Bb2 Bb7 5. e3 Nc6 6. Be2 h6 7. a3 Ng4 8. O-O d5
9. Ne5 Ngxe5 10. fxe5 d4 11. Bb5 Qd5 12. a4 a6 13. c4 dxc3 14. Nxc3 Qxe5 15.
Qf3 axb5 16. Qxf7+ Kd8 17. Nxb5 Ne7 18. Bxe5 Ba6 19. Qxf8+ Rxf8 20. Rxf8+ Kd7
21. Rxa8 1-0

[Event "12sen.WM-H Naumburg"]
[Site "Naumburg/Saale(20.10.-03.11.)"]
[Date "2002.10.24"]
[Round "4"]
[White "Thuma, Horst"]
[Black "Beckel, Friedrich"]
[Result "0-1"]
[WhiteElo "1678"]
[BlackElo "2039"]
[PlyCount "116"]
[EventDate "2002.11.??"]

1. e4 c5 2. Nf3 d6 3. d4 cxd4 4. Nxd4 Nf6 5. Nc3 g6 6. Be2 Bg7 7. Be3 O-O 8. f3
Nc6 9. Qd2 d5 10. exd5 Nxd5 11. Nxd5 Qxd5 12. c4 Qh5 13. Nxc6 bxc6 14. Rd1 Be6
15. O-O Qe5 16. b3 a5 17. f4 Qc7 18. Bf3 a4 19. Qf2 Rfb8 20. Qc2 axb3 21. axb3
Ra3 22. Rb1 Bf5 23. Be4 Bxe4 24. Qxe4 Raxb3 25. Rxb3 Rxb3 26. Bc5 Bf6 27. Rd1
Rb2 28. Re1 Ra2 29. Bxe7 Bxe7 30. Qxe7 Qxf4 31. Qe8+ Kg7 32. Qe5+ Qf6 33. h3
Rc2 34. Qxf6+ Kxf6 35. Re4 h5 36. g4 hxg4 37. hxg4 Kg5 38. Kf1 f5 39. gxf5 gxf5
40. Rd4 c5 41. Rd8 Rxc4 42. Rg8+ Kf4 43. Rh8 Rd4 44. Ke2 Re4+ 45. Kf2 Ke5 46.
Re8+ Kd4 47. Rd8+ Kc3 48. Kf3 c4 49. Rf8 Kc2 50. Rxf5 Re8 51. Rc5 c3 52. Rd5
Kc1 53. Kf2 c2 54. Rb5 Re6 55. Kf1 Re4 56. Kf2 Kd2 57. Rd5+ Kc3 58. Rc5+ Rc4
0-1

[Event "12sen.WM-H Naumburg"]
[Site "Naumburg/Saale(20.10.-03.11.)"]
[Date "2002.10.24"]
[Round "4"]
[White "Titz, Herbert"]
[Black "Brameyer, Hermann"]
[Result "1/2-1/2"]
[WhiteElo "2089"]
[BlackElo "2294"]
[PlyCount "135"]
[EventDate "2002.11.??"]

1. d4 Nf6 2. Nf3 e6 3. c4 Bb4+ 4. Bd2 Qe7 5. Nc3 b6 6. e3 Bb7 7. Be2 O-O 8. O-O
d6 9. Qb3 Bxc3 10. Bxc3 Nbd7 11. Nd2 e5 12. Rfe1 Rfe8 13. Rad1 e4 14. a4 h5 15.
Qb5 c5 16. a5 Rab8 17. Ra1 a6 18. Qb3 bxa5 19. Rxa5 Qe6 20. Qd1 h4 21. b4 cxb4
22. Bxb4 h3 23. g3 d5 24. Bc5 Nxc5 25. Rxc5 dxc4 26. Nxc4 Bc6 27. Qc2 Bb5 28.
Ne5 Bxe2 29. Qxe2 Rb6 30. Rc7 Reb8 31. Rcc1 Rb2 32. Qc4 Qf5 33. Qxf7+ Kh7 34.
Rf1 R2b7 35. g4 Qg5 36. Qe6 Rb5 37. Qf5+ Qxf5 38. gxf5 a5 39. Ra1 Ra8 40. Rfb1
Rxb1+ 41. Rxb1 a4 42. f3 a3 43. Ra1 a2 44. Kf2 Nd5 45. fxe4 Nb4 46. Ng4 Nc2 47.
Rxa2 Rxa2 48. Kf3 Kg8 49. e5 Nb4 50. Nf2 Kf8 51. Nxh3 Ra3 52. Nf4 Nc2 53. Ne6+
Kf7 54. d5 Nxe3 55. Ke4 Ng4 56. h4 Ra4+ 57. Nd4 Nh6 58. Kd3 Rxd4+ 59. Kxd4
Nxf5+ 60. Kc5 Nxh4 61. Kd6 Ke8 62. Kc7 Ng6 63. Kd6 Ne7 64. Kc5 Nc8 65. Kc6 Kd8
66. d6 g5 67. Kd5 g4 68. Ke4 1/2-1/2

[Event "12sen.WM-H Naumburg"]
[Site "Naumburg/Saale(20.10.-03.11.)"]
[Date "2002.10.24"]
[Round "4"]
[White "Tschirky, Werner"]
[Black "Kahn, Peter"]
[Result "0-1"]
[WhiteElo "1652"]
[BlackElo "1939"]
[PlyCount "90"]
[EventDate "2002.11.??"]

1. e4 e5 2. Nf3 Nc6 3. Bc4 Nf6 4. d3 Bc5 5. c3 d6 6. b4 Bb6 7. a4 a6 8. O-O h6
9. h3 O-O 10. Re1 Ne7 11. Nbd2 Ng6 12. Nf1 Be6 13. Bxe6 fxe6 14. Be3 Bxe3 15.
Rxe3 Qe7 16. c4 b6 17. Ng3 c5 18. Qb3 Qc7 19. Ree1 a5 20. b5 Nf4 21. Qc3 Qf7
22. Rad1 N6h5 23. Re3 g5 24. Qe1 Qg6 25. Nxh5 Qxh5 26. Nh2 Ra7 27. f3 Rg7 28.
Qg3 Qg6 29. Rf1 h5 30. Qe1 Qh6 31. Qc1 Rf6 32. Qd2 Rfg6 33. Qf2 Rh7 34. Kh1 g4
35. fxg4 hxg4 36. Rg3 gxh3 37. Rxg6+ Nxg6 38. gxh3 Nf4 39. Qg3+ Kf7 40. Rf3
Qxh3 41. Qf2 Qh5 42. Qg3 Rg7 43. Rxf4+ exf4 44. Qxf4+ Ke7 45. Qf1 Rg3 0-1

[Event "12sen.WM-H Naumburg"]
[Site "Naumburg/Saale(20.10.-03.11.)"]
[Date "2002.10.24"]
[Round "4"]
[White "Villing, Dieter"]
[Black "Weber, Siegfried[27Fech]"]
[Result "1-0"]
[WhiteElo "2183"]
[BlackElo "1588"]
[PlyCount "51"]
[EventDate "2002.11.??"]

1. e4 c5 2. Nf3 d6 3. b4 cxb4 4. d4 Nd7 5. Bb2 e6 6. Bd3 g6 7. Nbd2 Ngf6 8. O-O
Bg7 9. Nc4 Bf8 10. Ng5 h6 11. Nxe6 fxe6 12. e5 Rg8 13. exf6 Nxf6 14. Qf3 Be7
15. a3 Bd7 16. Qxb7 Nd5 17. axb4 Rb8 18. Qxa7 Nxb4 19. Bc3 Bc6 20. Qa5 Qc8 21.
Rac1 Ra8 22. Qb6 Kf8 23. Qxb4 Bd5 24. Nb6 Rb8 25. Nxc8 Rxb4 26. Bxb4 1-0

[Event "12sen.WM-H Naumburg"]
[Site "Naumburg/Saale(20.10.-03.11.)"]
[Date "2002.10.24"]
[Round "4"]
[White "Viner, Phillip"]
[Black "Tochtermann, Georg_Dr"]
[Result "1/2-1/2"]
[WhiteElo "2175"]
[BlackElo "1878"]
[PlyCount "85"]
[EventDate "2002.11.??"]

1. d4 Nf6 2. c4 e6 3. Nc3 Bb4 4. Qc2 b6 5. Bg5 Bb7 6. e3 O-O 7. Nf3 d6 8. Be2
Nbd7 9. O-O Bxc3 10. bxc3 h6 11. Bh4 Be4 12. Qa4 c5 13. Nd2 Bb7 14. Rab1 Qc8
15. f3 Re8 16. Bd3 e5 17. Bf5 Qc7 18. Rfe1 g6 19. Bh3 Kg7 20. Bf2 Nf8 21. d5
Bc8 22. Bxc8 Qxc8 23. h3 Qd7 24. Qb5 g5 25. a4 Qc7 26. Bg3 Ng6 27. Bh2 Re7 28.
Rb2 h5 29. a5 bxa5 30. Ra1 g4 31. Qxa5 Qd7 32. Qb5 Qd8 33. Ra6 gxh3 34. gxh3
Rc8 35. Bg3 Ne8 36. Qa4 Qd7 37. Qxd7 Rxd7 38. Ne4 f6 39. Nf2 Kf7 40. Ne4 Ke7
41. Nf2 Kf7 42. Kf1 Ke7 43. Ke2 1/2-1/2

[Event "12sen.WM-H Naumburg"]
[Site "Naumburg/Saale(20.10.-03.11.)"]
[Date "2002.10.24"]
[Round "4"]
[White "Waisberg, Arnold"]
[Black "Krischer, Ulrich"]
[Result "1-0"]
[WhiteElo "2063"]
[BlackElo "1730"]
[PlyCount "120"]
[EventDate "2002.11.??"]

1. e4 e5 2. Bc4 Nc6 3. a3 Nf6 4. d3 Be7 5. Nc3 O-O 6. f4 d6 7. h3 exf4 8. Bxf4
Ne5 9. Bb3 c6 10. Nf3 Ng6 11. Bh2 Be6 12. Bxe6 fxe6 13. Ng5 Qd7 14. O-O h6 15.
Nf3 e5 16. d4 Qc7 17. Qd3 Rad8 18. Qc4+ Kh8 19. Qe6 Qd7 20. Qf5 Qxf5 21. exf5
Nf4 22. Bxf4 exf4 23. Nh4 Kg8 24. Rae1 Rf7 25. Ng6 Rd7 26. Nxf4 d5 27. Re6 c5
28. Nce2 cxd4 29. Nxd4 Bc5 30. c3 Kh7 31. Ng6 Bxd4+ 32. cxd4 Rc7 33. Rf3 Rc1+
34. Rf1 Rc2 35. Rd6 h5 36. Nf4 Rxb2 37. Nxd5 Ra2 38. Rf3 Ra1+ 39. Kh2 Ne4 40.
Rg6 Nd2 41. Rf4 Nf1+ 42. Rxf1 Rxf1 43. Ne3 Ra1 44. Rg5 Rxa3 45. Rxh5+ Kg8 46.
Ng4 Ra5 47. Ne5 Rf6 48. g4 Rd5 49. Ng6 Kf7 50. Rh8 Rxg6 51. fxg6+ Kxg6 52. Rb8
b6 53. Rb7 Ra5 54. Kg3 Kf6 55. Kf4 g5+ 56. Ke4 Ke6 57. Rg7 Ra3 58. Rxg5 Rxh3
59. Rg6+ Kf7 60. Rc6 Ra3 1-0

[Event "12sen.WM-H Naumburg"]
[Site "Naumburg/Saale(20.10.-03.11.)"]
[Date "2002.10.24"]
[Round "4"]
[White "Weigel, Max"]
[Black "Schumacher, Ursula"]
[Result "1/2-1/2"]
[WhiteElo "1579"]
[BlackElo "1528"]
[PlyCount "63"]
[EventDate "2002.11.??"]

1. Nf3 c6 2. c4 d5 3. e3 Bf5 4. d4 e6 5. Bd2 Nd7 6. Nc3 h6 7. Be2 Ngf6 8. O-O
Bd6 9. c5 Bc7 10. b4 a6 11. Nh4 Bh7 12. g3 O-O 13. f4 Ne4 14. Nxe4 Bxe4 15. Bc3
f5 16. Nf3 Bxf3 17. Bxf3 Nf6 18. Be1 b6 19. Rc1 b5 20. Rc2 a5 21. a3 axb4 22.
axb4 Ra4 23. Bc3 Qa8 24. Rcf2 Qb7 25. Qb1 Rfa8 26. Re2 R8a6 27. Kg2 Qa8 28. h3
g6 29. Kh2 Kf7 30. Rg2 Qh8 31. Re1 Qa8 32. Rge2 1/2-1/2

[Event "12sen.WM-H Naumburg"]
[Site "Naumburg/Saale(20.10.-03.11.)"]
[Date "2002.10.24"]
[Round "4"]
[White "Wilke, Dieter_Dr"]
[Black "Fischer, Paul[37Hiltr]"]
[Result "1-0"]
[WhiteElo "1964"]
[BlackElo "1766"]
[PlyCount "105"]
[EventDate "2002.11.??"]

1. d4 g6 2. Nf3 Bg7 3. g3 c6 4. Bg2 d5 5. O-O Nf6 6. c4 O-O 7. cxd5 cxd5 8. Nc3
Nc6 9. Ne5 Qb6 10. Na4 Qd8 11. Nxc6 bxc6 12. Qc2 Qa5 13. Bd2 Qb5 14. Nc5 Bf5
15. Qc3 Rab8 16. b3 Rfe8 17. a4 Qb6 18. Bf4 Qb4 19. Rac1 Qxc3 20. Rxc3 Rb4 21.
e3 Nh5 22. Bc7 e5 23. Bxe5 Bxe5 24. dxe5 Rxe5 25. Rfc1 Rb6 26. Bf1 a5 27. f3
Nf6 28. g4 Bc8 29. Kf2 Re7 30. Nd3 Bb7 31. Rc5 Rxb3 32. Rxa5 Ra3 33. Ra7 Ra2+
34. Kg3 Kg7 35. Nc5 Ra3 36. Rxb7 Rexe3 37. Bg2 Ne4+ 38. Nxe4 dxe4 39. Rf1 Rxa4
40. Kf2 Rc3 41. fxe4 Ra2+ 42. Kg1 Rcc2 43. Rbxf7+ Kh6 44. R1f2 Kg5 45. h3 h5
46. gxh5 Kxh5 47. e5 Kg5 48. h4+ Kxh4 49. e6 Kg5 50. e7 Rxf2 51. Rxf2 Ra1+ 52.
Bf1 Re1 53. Re2 1-0

[Event "12sen.WM-H Naumburg"]
[Site "Naumburg/Saale(20.10.-03.11.)"]
[Date "2002.10.24"]
[Round "4"]
[White "Wunderer, Eckart"]
[Black "Malich, Burkhard_Dr"]
[Result "0-1"]
[WhiteElo "2206"]
[BlackElo "2370"]
[PlyCount "56"]
[EventDate "2002.11.??"]

1. d4 d5 2. Nc3 e6 3. Nf3 Nf6 4. Bg5 h6 5. Bxf6 Qxf6 6. e3 Bb4 7. Bd3 Nd7 8.
O-O Bxc3 9. bxc3 c5 10. Ne5 Nxe5 11. dxe5 Qxe5 12. Bb5+ Ke7 13. Qe1 f5 14. f3
c4 15. e4 a6 16. f4 Qd6 17. Qh4+ Kf7 18. exf5 exf5 19. Bxc4 dxc4 20. Rad1 Qb6+
21. Kh1 Be6 22. Rd4 Rhd8 23. Rfd1 Rxd4 24. cxd4 Bd5 25. Re1 Be4 26. c3 Re8 27.
h3 Qb2 28. Qh5+ g6 0-1